Identification and characterisation of endo-1,4-B-glucanase family members in Hevea brasiliensis (Record no. 60587)
[ view plain ]
| 000 -LEADER | |
|---|---|
| fixed length control field | 01364nam a2200181Ia 4500 |
| 100 ## - MAIN ENTRY--AUTHOR NAME | |
| Personal name | Chung H H |
| 245 #0 - TITLE STATEMENT | |
| Title | Identification and characterisation of endo-1,4-B-glucanase family members in Hevea brasiliensis |
| 260 ## - PUBLICATION, DISTRIBUTION, ETC. (IMPRINT) | |
| Name of publisher | Journal of Rubber Research |
| Year of publication | 2015 |
| 300 ## - PHYSICAL DESCRIPTION | |
| Number of Pages | 148-158 |
| 500 ## - GENERAL NOTE | |
| General note | Source Year: 2015 |
| 520 ## - SUMMARY, ETC. | |
| Summary, etc | In order to study wood formation in Hevea brasiliensis, endo-1,4-B-glucanase (EGase) was selected for molecular genetic analysis. EGase sequences were isolated from bark, leaf and latex transcriptomes (clone RRIM 928). Altogether, 22 sequences were obtained from the bark transcriptome while 14 and 8 sequences were obtained from leaf and latex transcriptomes, respectively. Based on multiple sequence alignment, only twelve sequences encoded full protein open reading frames while the others contained partial proteins. Translation of twelve EGase sequences (designated HbEg1-12) produced peptide sequences ranging from 494-622 amino acids. Based on protein motif conservation and phylogenetic analysis, these EGases were separated into three classes, A, B and C. Expression of EGase was found to be generally low in latex, bark and leaves. |
| 650 ## - SUBJECT ADDED ENTRY--TOPICAL TERM | |
| Topical Term | Endo-1,4-B-glucanase |
| 650 ## - SUBJECT ADDED ENTRY--TOPICAL TERM | |
| Topical Term | Rubber wood |
| 650 ## - SUBJECT ADDED ENTRY--TOPICAL TERM | |
| Topical Term | Transcriptome |
| 650 ## - SUBJECT ADDED ENTRY--TOPICAL TERM | |
| Topical Term | Wood formation |
| 942 ## - ADDED ENTRY ELEMENTS (KOHA) | |
| Koha item type | Journals |
| Withdrawn status | Lost status | Damaged status | Not for loan | Home library | Current library | Shelving location | Date acquired | Serial Enumeration / chronology | Koha item type |
|---|---|---|---|---|---|---|---|---|---|
| Journals | RRII Library | RRII Library | Biotechnology | 17/12/2021 | Volume 18, Issue 3 | Journals |